000 00280nam a22001217a 4500
008 170927b xxu||||| |||| 00| 0 eng d
041 _aeng
080 _23 ED
_a37
100 _a47
101 _aEDU
245 _aTOPIC FOR TODAY HEALTH SOCIETY
_cSMITH.L.C
942 _2udc
_cBK
999 _c30277
_d30277